TWICE albums - Statistics

General Stats
  • This quiz has been taken 53 times
    16 since last reset
  • The average score is 19 of 28
Answer Stats
Answer % Correct
Formula of Love
100%
The Story Begins
100%
THIS IS FOR
100%
Twicetagram
100%
Ready To Be
90%
More & More
80%
Summer Nights
80%
With YOUth
80%
Between 1&2
70%
Eyes Wide Open
70%
Feel Special
70%
Strategy
70%
Taste of Love
70%
TWICEcoaster: Lane 1
70%
TWICEcoaster: Lane 2
70%
What Is Love?
70%
abouTzu
60%
Fancy You
60%
IM NAYEON
60%
Merry & Happy
60%
NA
60%
Signal
60%
ZONE
60%
Haute Couture
50%
Page Two
50%
YES or YES
50%
TEN: The Story Goes On
40%
Masterpiece
30%
No matching quizzes found
Score Distribution
Percent of People with Each Score
Percentile by Number Answered
Your Score History
You have not taken this quiz since the last reset